Strategický plán rozvoja podniku bakalárska práca

Saved in:
Bibliographic Details
Main Author: Iľková, Katarína
Corporate Author: Podnikovohospodárska fakulta EU so sídlom v Košiciach. Katedra manažmentu
Other Authors: Szaryszová, Petra, 1984-
Format: Book
Language:Slovak
Published: Košice 2017
Tags: Add Tag
No Tags, Be the first to tag this record!

MARC

LEADER 00000nbm a2200000 4500
001 0231629
005 20171113105330.1
041 0 |a slo 
044 |a SK 
245 1 0 |a Strategický plán rozvoja podniku  |b bakalárska práca  |c Katarína Iľková ; školiteľ: Petra Szaryszová 
264 1 |a Košice  |c 2017 
300 |a 47 s. 
100 1 |a Iľková, Katarína 
700 1 |a Szaryszová, Petra, 1984- 
710 2 |a Podnikovohospodárska fakulta EU so sídlom v Košiciach. Katedra manažmentu